ՀՀ Գիտությունների ազգային ակադեմիայի հիմնարար գիտական գրադարան  =   Fundamental Scientific Library of NAS RA

О Л.Н. Толстом : (Record no. 534541)

MARC details
000 -LEADER
fixed length control field 00919nam a22002171a 4500
001 - CONTROL NUMBER
control field 1683730
003 - CONTROL NUMBER IDENTIFIER
control field AM-YeHGA
005 - DATE AND TIME OF LATEST TRANSACTION
control field 20250908145313.0
008 - FIXED-LENGTH DATA ELEMENTS--GENERAL INFORMATION
fixed length control field 200115s1893 ru |||||||||||||0|0|rus|d
040 ## - CATALOGING SOURCE
Original cataloging agency AM-YeHGA
041 0# - LANGUAGE CODE
Language code of text/sound track or separate title rus
100 1# - MAIN ENTRY--PERSONAL NAME
Personal name Громека, Михаил Степанович,
Dates associated with a name 1852-1883
245 10 - TITLE STATEMENT
Title О Л.Н. Толстом :
Remainder of title Критический этюд по поводу романа "Анна Каренина" /
Statement of responsibility, etc. М.С. Громека.
250 ## - EDITION STATEMENT
Edition statement 5-е изд., доп. двумя заключительными главами, впервые появляющимися в печати
260 ## - PUBLICATION, DISTRIBUTION, ETC.
Place of publication, distribution, etc. Москва :
Name of publisher, distributor, etc. Посредник,
Date of publication, distribution, etc. 1893.
300 ## - PHYSICAL DESCRIPTION
Extent 211 с. ;
Dimensions 23 см.
600 14 - SUBJECT ADDED ENTRY--PERSONAL NAME
Personal name Толстой, Лев Николаевич,
Dates associated with a name 1828-1910
650 14 - SUBJECT ADDED ENTRY--TOPICAL TERM
Topical term or geographic name entry element Литературная критика
650 14 - SUBJECT ADDED ENTRY--TOPICAL TERM
Topical term or geographic name entry element Русская литература
942 ## - ADDED ENTRY ELEMENTS (KOHA)
Source of classification or shelving scheme Universal Decimal Classification
Koha item type Գրքեր / Books
Holdings
Withdrawn status Lost status Damaged status Not for loan Collection Home library Current library Date acquired Total checkouts Full call number Barcode Date last seen Price effective from Koha item type Public note
        Kusikian Individual Collection Fundamental Scientific Library Fundamental Scientific Library 29/04/2025   Кус/2658 FL0690408 29/04/2025 29/04/2025 Գրքեր / Books ILL Non-Circ.


ՀՀ ԳԱԱ հիմնարար գիտական գրադարան
ՀՀ,Երևան 0019
Մարշալ Բաղրամյան 24/6
հեռախոս:(374-10) 52-47-50
Հետադարձ կապ

All site content, except where otherwise noted, is licensed under a
Creative Commons License